000 00679nam a2200181Ia 4500
008 100921s9999 xx 000 0 und d
082 _b39037
_a808.068 0
100 _aवर्तक उषा.
245 _aचटकदार गोष्टी-3.
260 _bजयदीप प्रकाशन,पुणे.
_c0
300 _a79
_bजीवनग्रंथ वितरण,औरंगाबाद
365 _b12
520 _aललित-बालवाङ्रमय.
630 _aचटकदार गोष्टी-3.
650 _aललित-बालवाङ्रमय.
730 _aचटकदार गोष्टी-3.
942 _cBOOK
999 _c788150
_d788147